تحميل...

Siyaramsharan Gupta ki kavya sadhana/

التفاصيل البيبلوغرافية
المؤلف الرئيسي: Durga Shankar Mishra
التنسيق: Printed Book
منشور في: Banglore: Vidhya Mandir, 1975.
LEADER 00374nam a22001097a 4500
100 |a Durga Shankar Mishra 
245 |a Siyaramsharan Gupta ki kavya sadhana/  |c Durga Shankar Mishra 
260 |a Banglore:  |b Vidhya Mandir,  |c 1975. 
300 |a 224p. 
942 |2 ddc  |c BK 
999 |c 244802  |d 244802 
952 |0 0  |1 0  |4 0  |7 0  |9 271666  |a HIN  |b HIN  |c S-22  |d 2012-06-15  |i 9064  |l 0  |p HIN9064  |r 2014-02-07  |w 2014-02-07  |y BK